Basic metrological properties of electronic oscillators with direct digital synthesis; Measurement; Vol. 98
| Parent link: | Measurement Vol. 98.— 2017.— [P. 243-249] |
|---|---|
| 第一著者: | |
| 団体著者: | |
| その他の著者: | |
| 要約: | Title screen Signal oscillators based on DDS (Direct Digital Synthesis) are widely used in recent years. However, order metrological characteristics of signals generated by these oscillators have not been studied in many cases, and uses of such oscillators are not always justified. First of all, signals of the most popular sine waveform are unsatisfactory in terms of metrology, including errors of amplitude, period and their instability, total harmonic distortion. Certainly, with the development of integrated circuit fabrication technology, errors of basic units decrease. Therefore, it can be expected that instrumental errors will be decreasing in the nearest future. However, not only instrumental but also method errors are intrinsic to direct digital synthesis of signals. These method errors will determine limiting metrological characteristics as a hardware component of digital oscillators continue to be improved. Режим доступа: по договору с организацией-держателем ресурса |
| 言語: | 英語 |
| 出版事項: |
2017
|
| 主題: | |
| オンライン・アクセス: | http://dx.doi.org/10.1016/j.measurement.2016.12.009 |
| フォーマット: | 電子媒体 図書の章 |
| KOHA link: | https://koha.lib.tpu.ru/cgi-bin/koha/opac-detail.pl?biblionumber=652967 |
MARC
| LEADER | 00000naa0a2200000 4500 | ||
|---|---|---|---|
| 001 | 652967 | ||
| 005 | 20250211163417.0 | ||
| 035 | |a (RuTPU)RU\TPU\network\18338 | ||
| 090 | |a 652967 | ||
| 100 | |a 20170202d2017 k||y0rusy50 ba | ||
| 101 | 0 | |a eng | |
| 135 | |a drcn ---uucaa | ||
| 181 | 0 | |a i | |
| 182 | 0 | |a b | |
| 200 | 1 | |a Basic metrological properties of electronic oscillators with direct digital synthesis |f Yu. K. Rybin, T. A. Petlina | |
| 203 | |a Text |c electronic | ||
| 300 | |a Title screen | ||
| 320 | |a [References: 20 tit.] | ||
| 330 | |a Signal oscillators based on DDS (Direct Digital Synthesis) are widely used in recent years. However, order metrological characteristics of signals generated by these oscillators have not been studied in many cases, and uses of such oscillators are not always justified. First of all, signals of the most popular sine waveform are unsatisfactory in terms of metrology, including errors of amplitude, period and their instability, total harmonic distortion. Certainly, with the development of integrated circuit fabrication technology, errors of basic units decrease. Therefore, it can be expected that instrumental errors will be decreasing in the nearest future. However, not only instrumental but also method errors are intrinsic to direct digital synthesis of signals. These method errors will determine limiting metrological characteristics as a hardware component of digital oscillators continue to be improved. | ||
| 333 | |a Режим доступа: по договору с организацией-держателем ресурса | ||
| 461 | |t Measurement | ||
| 463 | |t Vol. 98 |v [P. 243-249] |d 2017 | ||
| 610 | 1 | |a электронный ресурс | |
| 610 | 1 | |a труды учёных ТПУ | |
| 610 | 1 | |a спектр | |
| 610 | 1 | |a измерительные сигналы | |
| 610 | 1 | |a нестабильность | |
| 610 | 1 | |a нелинейные искажения | |
| 700 | 1 | |a Rybin |b Yu. K. |c specialist in the field of control and measurement equipment |c Professor of Tomsk Polytechnic University, Doctor of technical sciences |f 1943- |g Yuriy Konstantinovich |3 (RuTPU)RU\TPU\pers\36377 | |
| 701 | 1 | |a Petlina |b T. A. |g Tatjyana Andreevna | |
| 712 | 0 | 2 | |a Национальный исследовательский Томский политехнический университет (ТПУ) |b Институт кибернетики (ИК) |3 (RuTPU)RU\TPU\col\18397 |
| 801 | 2 | |a RU |b 63413507 |c 20170202 |g RCR | |
| 856 | 4 | |u http://dx.doi.org/10.1016/j.measurement.2016.12.009 | |
| 942 | |c CF | ||